Gdzie wygrywał Kamil Stoch? - Statystyki

Ogólne statystyki
  • Ten quiz został rozwiązany 222 razy
  • Średni wynik to 36 z 43
Statystyki odpowiedzi
Lp. Rok Miejscowość % Poprawnych
3 2011 Planica
99%
34 2018 Planica
99%
35 2018 Planica
99%
1 2011 Zakopane
99%
4 2012 Zakopane
99%
17 2015 Zakopane
99%
23 2017 Zakopane
99%
39 2020 Zakopane
99%
21 2017 Wisła
95%
22 2017 Wisła
95%
28 (TCS) 2018 Innsbruck
94%
41 (TCS) 2021 Innsbruck
94%
27 (TCS) 2018 Garmisch-Partenkirchen
91%
26 (TCS) 2017 Oberstdorf
89%
36 2019 Oberstdorf
89%
25 (Raw Air) 2017 Vikersund
89%
13 (IO) 2014 Krasnaja Polana
86%
14 (IO) 2014 Krasnaja Polana
86%
15 2014 Lahti
82%
31 2018 Lahti
82%
37 2019 Lahti
82%
19 2016 Lillehammer
81%
32 (Raw Air) 2018 Lillehammer
81%
40 (Raw Air) 2020 Lillehammer
81%
8 2013 Trondheim
81%
33 (Raw Air) 2018 Trondheim
81%
20 (TCS) 2017 Bischofshofen
80%
29 (TCS) 2018 Bischofshofen
80%
42 (TCS) 2021 Bischofshofen
80%
5 2012 Predazzo
79%
6 (MŚ) 2013 Predazzo
79%
11 2014 Willingen
78%
12 2014 Willingen
78%
18 2015 Willingen
78%
24 2017 Sapporo
76%
10 2013 Engelberg
74%
38 2019 Engelberg
74%
9 2013 Titisee-Neustadt
72%
43 2021 Titisee-Neustadt
72%
30 (IO) 2018 Pyeongchang
68%
2 2011 Klingenthal
66%
7 2013 Kuopio
63%
16 2014 Kuopio
63%
Nie znaleziono quizów pasujących do podanych kryteriów
Rozkład punktacji
Procent ludzi z każdym wynikiem
Percentyl według liczby udzielonych odpowiedzi
Twoja historia wyników
Nie rozwiązałeś tego quizu